| 000 | 00584nam a2200181 4500 | ||
|---|---|---|---|
| 001 | 136569 | ||
| 003 | ES-MaACL | ||
| 005 | 20240825063041.0 | ||
| 007 | t| | ||
| 008 | 070214s1922 fr r ||||1| fre d | ||
| 100 | 1 |
_aRussell, Bertrand, _d1872-1970 _9101033 |
|
| 245 | 1 | 3 |
_aLe mysticisme et la logique _b: ; suivi d'autres essais / _cBertrand Russell ; traduits de l'anglais par Jean de Menasce. |
| 260 |
_aParis : _bPayot, _c1922. |
||
| 300 |
_a159 p. ; _c19 cm. |
||
| 700 | 1 |
_aMenasce, Jean de. _980076 |
|
| 852 |
_aES-MaACL _jF-12776 |
||
| 999 |
_c136569 _d136569 |
||